000 01445nam a2200385 c 4500
001 7209
003 ES-MaCES
005 20150929135409.0
008 980727s1998 it ||| | fre d
035 _aCES19980072829m
040 _aES-MaCES
_bspa
_cES-MaCES
041 0 _afre
_aeng
_aspa
110 2 _aComité Económico y Social de las Comunidades Europeas
_bEncuentro Anual de Secretarios Generales
_d1998
_cRoma
_92192
245 1 0 _aIncontro anuale dei Secretari Generali dei Consigli Economici e Sociali dell'Unione Europea
_b: Roma, 22 Maggio 1998
_c[organizzatto per il Consiglio Nazionale dell'Economia e del Lavoro]
260 _a[S.l.]
_b[s.n.]
_c1998
300 _a1 v. (pag. var.)
_c30 cm
500 _aTextos en francés, inglés y español
541 _cGratuito
650 4 _anegociación colectiva
_928362
650 4 _aconcertación
_930029
650 4 _amercado de trabajo
_928292
650 4 _aempleo
_928299
650 4 _aplan de acción
_930406
650 4 _a1998
_931169
650 4 _aConsejos Económicos y Sociales
_930859
650 4 _aconferencia
_927013
653 1 0 _aAdministración-Instituciones públicas
650 4 _928369
_arelaciones laborales
650 4 _929020
_apaís de la UE
650 4 _926752
_aUE
710 2 _aConsiglio nazionale dell'economia e del lavoro (Italia)
_eed.
_92550
902 _aDOC Literatura gris
942 _2CES
_cBK
_h6.3.
999 _c7209
_d7209